000 02105nam a2200337 i 4500
003 DO-SdBNP
005 20250930121211.0
007 ta
008 240207t2023 dr ||||| |||| 00| j spa d
020 _a9789945510393
040 _aDO-SdBNP
_bspa
_cBNPHU
_erda
041 _aspa
082 4 _aRD863.44
_bA955
_222
245 0 3 _aLas aves que un día emigraron :
_bel cuento dominicano en Europa /
_cSelección y prólogo de Rosa Silverio ; corrección, María del Carmen Vicente, Apolinar Liz Rodríguez.
264 4 _aSanto Domingo, República Dominicana :
_bEditora Nacional,
_c©2023.
300 _a221 páginas ;
_c20 cm.
336 _atexto
_btxt
_2rdacontent
337 _asin mediación
_bn
_2rdamedia
338 _avolumen
_bnc
_2rdacarrier
500 _aIncluye referencias bibliográficas y notas al pie de las páginas.
505 _aDe la migración de las aves y una hoja de hierba /
_rRosa Silverio, 7 --
_tInactómico /
_rFarah Hallal, 17 --
_tPost mortem /
_rLeonardo Reyes Jiménez, 35 --
_tLa mujer que parió un ángel /
_rDaniel Tejada, 47 --
_tUna vida sin manchas /
_rJuan Inirio, 59 --
_tBaptiste /
_rNelson Ricart-Guerrero, 71 --
_tEl delivery /
_rVirginia Read Escobal, 97 --
_tPiratas y demonios /
_rRoberto García, 121 --
_tAntes del mediterráneo /
_rMatías Iturbides, 133 --
_tEl sueño /
_rMayobanex Pérez, 145 --
_tEl pobre caricato del rey /
_rSol Lora, 151 --
_t¡Perdona, no eres mi mama! /
_rNorberto Azor, 159 --
_tMargot /
_rKarlina Veras, 167 --
_tAbrazos gratis /
_rAna María Céspedes, 179 --
_tConsulta /
_rMarielys Duluc Reyna, 187 --
_tEl cantador de sueños /
_rDolquisa Olivarez, 197 --
_tVertiente del espejo /
_rBernardo Silfa Bor, 205.
590 _aInventariado 2024 / MF
650 4 _aCuentos dominicanos
_9176
650 4 _aLiteratura dominicana.
_967
700 1 _aSilverio, Rosa,
_eprologuista
_4pr.
_914892
700 1 _aVicente, María del Carmen,
_ecorrector
_4corr.
700 1 _aLiz Rodríguez, Apolinar,
_ecorrector
_4corr.
_984877
710 1 _aEspaña.
_bMinisterio de Cultura
_970975
910 _aValidado. Control de Calidad/MAA
942 _2ddc
_cLBS1
999 _c55837
_d55837